000 01378nam0a22002891 4500
001 rc\3971644
005 20130415121410.3
021 _aRU
_b[55-31620]
035 _a(NLR Aleph) 008056421
090 _a8974833
_c8974833
100 _a20130415d1955 |||y0rusy50 ca
101 0 _arus
102 _aRU
105 _ay z |||||
200 1 _aИнструкция по планово-предупредительному ремонту технологического оборудования хлебопекарных предприятий
_eУтв. 11/III 1955 г.
_fПод общ. ред. С.Н. Ларина
_gМ-во пром-сти прод. товаров СССР. Техн. упр. Отд. техн. информации
210 _aМосква
_cПищепромиздат
_d1955
215 _a72 с.
_d22
300 _aНа обороте тит. л. сост.: инж.-мех. М.А. Говор
606 _aХлебопекарные предприятия
_xОборудование
_xРемонт
_2psbo
702 1 _aЛарин
_bС. Н.
_4340
702 1 _aГовор
_bМ. А.
_4220
712 0 1 _aСССР
_bМинистерство промышленности продовольственных товаров
_3RU\NLR\AUTH\8810115594
801 0 _aRU
_bNLR
_gpsbo
801 1 _aRU
_bELAR
_2rusmarc
852 _aNLR
_jТ66 Г-6/496
942 _cBOOK
980 _aNB